<?xml version="1.0" encoding="UTF-8"?><?xml-stylesheet type="text/xsl" href="static/style.xsl"?><OAI-PMH xmlns="http://www.openarchives.org/OAI/2.0/" xmlns:xsi="http://www.w3.org/2001/XMLSchema-instance" xsi:schemaLocation="http://www.openarchives.org/OAI/2.0/ http://www.openarchives.org/OAI/2.0/OAI-PMH.xsd"><responseDate>2026-04-17T14:58:34Z</responseDate><request verb="GetRecord" identifier="oai:www.recercat.cat:2445/111507" metadataPrefix="marc">https://recercat.cat/oai/request</request><GetRecord><record><header><identifier>oai:recercat.cat:2445/111507</identifier><datestamp>2025-12-04T19:38:58Z</datestamp><setSpec>com_2072_1057</setSpec><setSpec>col_2072_478813</setSpec><setSpec>col_2072_478917</setSpec></header><metadata><record xmlns="http://www.loc.gov/MARC21/slim" xmlns:dcterms="http://purl.org/dc/terms/" xmlns:xsi="http://www.w3.org/2001/XMLSchema-instance" xmlns:doc="http://www.lyncode.com/xoai" xsi:schemaLocation="http://www.loc.gov/MARC21/slim http://www.loc.gov/standards/marcxml/schema/MARC21slim.xsd">
   <leader>00925njm 22002777a 4500</leader>
   <datafield ind2=" " ind1=" " tag="042">
      <subfield code="a">dc</subfield>
   </datafield>
   <datafield ind2=" " ind1=" " tag="720">
      <subfield code="a">Badia i Córcoles, Jordi Hug</subfield>
      <subfield code="e">author</subfield>
   </datafield>
   <datafield ind2=" " ind1=" " tag="720">
      <subfield code="a">Fité Piquer, Carles</subfield>
      <subfield code="e">author</subfield>
   </datafield>
   <datafield ind2=" " ind1=" " tag="720">
      <subfield code="a">Bringué Tomàs, Roger</subfield>
      <subfield code="e">author</subfield>
   </datafield>
   <datafield ind2=" " ind1=" " tag="720">
      <subfield code="a">Ramírez Rangel, Eliana</subfield>
      <subfield code="e">author</subfield>
   </datafield>
   <datafield ind2=" " ind1=" " tag="720">
      <subfield code="a">Tejero Salvador, Xavier</subfield>
      <subfield code="e">author</subfield>
   </datafield>
   <datafield ind2=" " ind1=" " tag="260">
      <subfield code="c">2017-05-24T13:07:31Z</subfield>
   </datafield>
   <datafield ind2=" " ind1=" " tag="260">
      <subfield code="c">2019-04-14T05:10:15Z</subfield>
   </datafield>
   <datafield ind2=" " ind1=" " tag="260">
      <subfield code="c">2017-04-14</subfield>
   </datafield>
   <datafield ind2=" " ind1=" " tag="260">
      <subfield code="c">2017-05-24T13:07:31Z</subfield>
   </datafield>
   <datafield ind2=" " ind1=" " tag="520">
      <subfield code="a">The simultaneous liquid-phase etherification of isobutene with ethanol and 1-butanol to give ethyl tert-butyl ether (ETBE) and butyl tert-butyl ether (BTBE) has been studied, at temperatures in the range of 315-353 K and at 2.5 MPa, over six commercial acidic macroreticular ion-exchange resins as catalysts. The initial alcohol to isobutene molar ratio was varied in the range of 0.5-5.5 and the initial ethanol to 1-butanol molar ratio in the range of 0.5-2.0. Strongly acidic catalysts with a rigid polymer backbone structure enhance reaction rate. This fact, along with the reduced side reactions extent, makes Amberlyst¿ 35 the most promising catalyst, among the tested ones, for the studied simultaneous etherification process. Irrespectively of the used catalyst, initial ETBE synthesis reaction rate is hardly sensitive to the variation of the ethanol to 1‐butanol molar ratio, whereas initial BTBE synthesis reaction rate strongly diminishes at high ethanol concentration. Preferential adsorption of ethanol over 1‐butanol on the catalysts active sites has been detected. As expected, both etherification reaction rates increase at increasing isobutene concentration. At 353 K, the highest temperature, both etherification rates are affected by internal mass transfer resistances due to diffusion limitations even when small catalyst beads are used. The simultaneous process has been compared to the individual syntheses of ETBE and BTBE and it has been found that the isobutene selectivity towards ethers is enhanced in the simultaneous system.</subfield>
   </datafield>
   <datafield tag="653" ind2=" " ind1=" ">
      <subfield code="a">Etilè</subfield>
   </datafield>
   <datafield tag="653" ind2=" " ind1=" ">
      <subfield code="a">Catàlisi</subfield>
   </datafield>
   <datafield tag="653" ind2=" " ind1=" ">
      <subfield code="a">Resines de bescanvi iònic</subfield>
   </datafield>
   <datafield tag="653" ind2=" " ind1=" ">
      <subfield code="a">Ethylene</subfield>
   </datafield>
   <datafield tag="653" ind2=" " ind1=" ">
      <subfield code="a">Catalysis</subfield>
   </datafield>
   <datafield tag="653" ind2=" " ind1=" ">
      <subfield code="a">Ion exchange resins</subfield>
   </datafield>
   <datafield ind2="0" ind1="0" tag="245">
      <subfield code="a">Simultaneous etherification of isobutene with ethanol and 1-butanol over ion-exchange resins</subfield>
   </datafield>
</record></metadata></record></GetRecord></OAI-PMH>